TURGUT REİS Denizler Hâkimi (Record no. 653892)

MARC details
000 -LEADER
sabit uzunluktaki kontrol alanı 00268nam a2200097Ia 4500
001 - KONTROL NUMARASI
kontrol alanı 653892
005 - EN SON İŞLEMİN TARİH VE ZAMANI
kontrol alanı 20250826154507.0
008 - SABİT-UZUNLUKTA VERİ ÖĞELERİ--GENEL BİLGİ
sabit uzunluktaki kontrol alanı 250824s9999 xx 000 0 und d
245 #0 - ESER / YAZAR
ESER ADI TURGUT REİS Denizler Hâkimi
Yazar Adı İBRAHİM ÜNSAL
260 ## - YAYIN, DAĞITIM, VB.
YAYIN EVİ GENÇ HAYAT ÇOCUK YAYINLARI
Holdings
Düşüm durumu Kayıp durumu Hasar Durumu Ödünç verilmez Ana kütüphane Geçerli Kütüphane Edinilen tarih Toplam ödünç verme sayısı Barkod İade tarihi Son görüntüleme tarihi Son ödünç verme tarihi Fiyatın geçerli olmaya başladığı tarih Koha materyal türü
        ŞEHİT ABDULLAH TAYYİP OLÇOK İMAM HATİP ORTAOKULU ŞEHİT ABDULLAH TAYYİP OLÇOK İMAM HATİP ORTAOKULU 24.08.2025 1 10091305 11.03.2026 24.02.2026 24.02.2026 26.08.2025 Books